000
00497nam a2200181Ia 4500
008
100917s9999 xx 000 0 und d
082
_b
21320
100
_a
देशपांडे पुरूषोत्तम लक्ष्मण - अनु.
245
_a
अंमलदार
260
_b
---
_c
1959
300
_a
80
365
_b
1.5
520
_a
नाटक
630
_a
अंमलदार
650
_a
नाटक
730
_a
अंमलदार
942
_c
BOOK
999
_c
626714
_d
626711